Statistics for Border Crossings #3

Click here to take the quiz!

General Stats

  • This quiz has been taken 3,574 times
    (3,567 since last reset)
  • The average score is 18 of 24

Answer Stats

start ingo...new country% Correct
SurinamewestGuyana
95%
BelizesouthGuatemala
88%
PanamawestCosta Rica
87%
ThailandeastLaos
87%
BangladesheastIndia
86%
LaosnorthVietnam
84%
TogonorthBurkina Faso
83%
BruneiwestMalaysia
82%
JordansouthSaudi Arabia
80%
MalawieastMozambique
78%
GaboneastCongo
77%
CongoeastDemocratic Republic of the Congo
75%
TurkmenistansouthIran
74%
TogoeastBenin
73%
ChadeastSudan
73%
MacedoniawestAlbania
71%
SloveniasouthCroatia
70%
SlovakiasouthHungary
69%
UgandanorthSouth Sudan
68%
AzerbaijanwestArmenia
67%
SerbiawestBosnia and Herzegovina
65%
AfghanistannorthTajikistan
65%
BurundieastTanzania
65%
Sierra LeonenorthGuinea
59%

Score Distribution

Percentile by Number Answered

Percent of People with Each Score

Your Score History

You have not taken this quiz since the last reset